Europejskie państwa posiadające literę "I" - Statystyki

Ogólne statystyki
  • Ten quiz został rozwiązany 404 razy
    396 od ostatniego zresetowania
  • Średni wynik to 23 z 27
Statystyki odpowiedzi
Państwa % Poprawnych
Finlandia
95%
Hiszpania
94%
Irlandia
94%
Litwa
94%
Islandia
92%
Niemcy
91%
Ukraina
91%
Belgia
90%
Białoruś
90%
Wielka Brytania
90%
Estonia
89%
Norwegia
89%
Albania
88%
Holandia
88%
Bośnia i Hercegowina
87%
Dania
85%
Portugalia
85%
Słowenia
85%
Rumunia
83%
Austria
82%
Bułgaria
82%
Liechtenstein
82%
Serbia
82%
San Marino
77%
Macedonia Północna
76%
Mołdawia
75%
Szwajcaria
75%
Nie znaleziono quizów pasujących do podanych kryteriów
Rozkład punktacji
Procent ludzi z każdym wynikiem
Percentyl według liczby udzielonych odpowiedzi
Twoja historia wyników
Nie rozwiązałeś tego quizu od ostatniego zresetowania